000
00269nam a2200121Ia 4500
005
20251222155051.0
008
251222s9999||||xx |||||||||||||| ||spa||
082
_a
MAN.137
100
_a
Sin autor
245
0
_a
Contabilidad general
264
_b
No tiene
942
_c
LIB
999
_c
37285
_d
37285